000 01814nam0a2200409 4500
001 RU\NLR\BIBL_A\011655729
005 20180629163203.0
010 _a978-5-699-83652-9
_92000
021 _aRU
_bКН-П-18-009729
_9КН-П-18-0632
035 _a(NLR Aleph) 011655729
035 _a(RuMoRGB)009538739
090 _a11153782
_c11153781
100 _a20180314d2018 k y0rusy50 ca
101 1 _arus
_ceng
102 _aRU
105 _aa z 001zy
200 1 _aСтать инноватором
_e5 привычек лидеров, меняющих мир
_fДжефф Даер, Хол Грегерсен, Клейтон М. Кристенсен
_g[пер. с англ. И. Бокаревой]
210 _aМосква
_cБомбора
_cЭксмо
_d2018
215 _a314 с.
_cил.
_d24
225 1 _aTop business awards
300 _aЗагл. и авт. ориг.: The innovator's DNA / Jeff Dyer, Hal Gregersen, Clayton M. Christensen
320 _aБиблиогр. в подстроч. примеч.
320 _aУказ.: с. 302-314
333 _a12+
454 1 _12001#$aThe innovator's DNA
_1700#1$aDyer$bJ.$gJeff
_1701#1$aGregersen$bH.$gHal
_1701#1$aChristensen$bC.M.$f1952-$gClayton M.
_tThe innovator's DNA
_aDyer, Jeff
606 1 _aИнновационная деятельность
_xУправление
_92112693
_3RU\NLR\AUTH\661276652
686 _aУ50-551.1,0
_2rubbk
686 _aУ50-13-210.3,0
_2rubbk
686 1 _aУ010.036
700 1 _aДаер
_bД.
_gДжефф
701 1 _7ca
_8rus
_aГрегерсен
_bХ. Б.
_f1958-
_gХэл Б.
_9189209
_3RU\NLR\AUTH\770189260
701 1 _aКристенсен
_bК. М.
_f1952-
_gКлейтон М.
942 _cBOOK
980 _aNBR
980 _aNB